[Event "52nd Sparkassen Open A"]
[Site "Dortmund GER"]
[Date "2025.08.03"]
[Round "2.7"]
[White "Herrmann, Jakob"]
[Black "Xiao, Tong(QD)"]
[Result "0-1"]
[WhiteTitle "FM"]
[BlackTitle "GM"]
[WhiteElo "2283"]
[BlackElo "2539"]
[WhiteFideId "16287169"]
[BlackFideId "8622388"]
[EventDate "2025.08.02"]

1. d4 Nf6 2. c4 e6 3. g3 d5 4. Bg2 Bb4+ 5. Nd2 O-O 6. Nf3 a5 7. a3 Be7 8. b3 b6
9. O-O Bb7 10. Bb2 Nbd7 11. Ne5 Nxe5 12. dxe5 Nd7 13. cxd5 exd5 14. Nc4 Nc5 15.
Ne3 Ne4 16. Nf5 Bc5 17. e3 Qg5 18. Nh4 Rfe8 19. Qc2 Qe7 20. Nf5 Qe6 21. Bxe4
dxe4 22. b4 Qxf5 23. bxc5 Ba6 24. Rfe1 Bd3 25. Qc3 b5 26. Rad1 h5 27. h4 Re6 28.
Rd2 Qh3 29. Rxd3 exd3 30. Qxd3 Rg6 31. Rd1 b4 32. axb4 axb4 33. Qe4 Rb8 34. Rd4
Qg4 35. Qd3 Qf3 36. Qb3 Rg4 37. e6 Rxd4 38. Bxd4 fxe6 39. Qxe6+ Qf7 40. Qe5 b3
41. f4 Re8 42. Qg5 Kh7 43. Bxg7 Qg6 0-1

[Event "52nd Sparkassen Open A"]
[Site "Dortmund GER"]
[Date "2025.08.03"]
[Round "2.8"]
[White "Golis, Wiktor"]
[Black "Liu, Yan"]
[Result "1/2-1/2"]
[WhiteTitle "FM"]
[BlackTitle "GM"]
[WhiteElo "2280"]
[BlackElo "2531"]
[WhiteFideId "21055874"]
[BlackFideId "8608962"]
[EventDate "2025.08.02"]

1. c4 e5 2. g3 Nc6 3. Bg2 Nf6 4. Nc3 Bb4 5. Nd5 O-O 6. e3 Nxd5 7. cxd5 Ne7 8. a3
Ba5 9. Ne2 d6 10. O-O Bg4 11. Re1 Qd7 12. b4 Bb6 13. Bb2 a5 14. d4 f6 15. Qd3
axb4 16. axb4 Bf5 17. Qc4 Kh8 18. dxe5 dxe5 19. Nc3 Bg6 20. Qb5 Qxb5 21. Nxb5
Rad8 22. Red1 Bh5 23. Rd2 c6 24. Nc3 cxd5 25. Nxd5 Bf7 26. Rad1 Nxd5 27. Bxd5
Bh5 28. Re1 Bf3 29. e4 f5 30. Rc2 fxe4 31. Bxe4 Bd1 32. Rc5 Bxc5 33. bxc5 Bf3
34. Bxf3 Rxf3 35. Bxe5 Rf7 36. Bf4 Kg8 37. Be3 Rfd7 38. Kg2 Ra8 39. Rc1 Ra6 40.
Rc4 Kf7 41. Rh4 Kg6 42. Rg4+ Kf5 43. Rh4 g6 44. Rb4 Ke6 45. h4 Kd5 46. h5 gxh5
47. Rh4 Re6 48. Rxh5+ Re5 49. Rh1 h5 50. Rd1+ Kc6 51. Rb1 Ree7 52. Kf3 Rf7+ 53.
Ke4 1/2-1/2

[Event "52nd Sparkassen Open A"]
[Site "Dortmund GER"]
[Date "2025.08.03"]
[Round "2.9"]
[White "Chassard, Cedric"]
[Black "Cornette, Matthieu"]
[Result "1/2-1/2"]
[WhiteTitle "FM"]
[BlackTitle "GM"]
[WhiteElo "2208"]
[BlackElo "2524"]
[WhiteFideId "16243536"]
[BlackFideId "620084"]
[EventDate "2025.08.02"]

1. d4 Nf6 2. c4 e6 3. g3 d5 4. Bg2 Be7 5. Nf3 O-O 6. O-O a5 7. Nc3 c6 8. Re1
Nbd7 9. Nd2 Re8 10. e4 e5 11. exd5 exd4 12. Ne2 cxd5 13. Nxd4 Nc5 14. Qc2 Bg4
15. Nf1 Rc8 16. cxd5 Nxd5 17. Bd2 Nb4 18. Bxb4 axb4 19. Qd2 Qd7 20. Nb3 Nxb3 21.
axb3 Qxd2 22. Nxd2 b5 23. Bf1 Bf6 24. Rxe8+ Rxe8 25. Bxb5 Rd8 26. Nc4 Bf3 27.
Re1 Kf8 28. Kf1 g5 29. Ne5 Bxe5 30. Rxe5 Rd1+ 31. Re1 Bg2+ 32. Ke2 Bf3+ 33. Kf1
Bg2+ 34. Ke2 Bf3+ 1/2-1/2

[Event "52nd Sparkassen Open A"]
[Site "Dortmund GER"]
[Date "2025.08.03"]
[Round "2.10"]
[White "Klimkowski, Jan"]
[Black "Michalczak, Thomas"]
[Result "1-0"]
[WhiteTitle "GM"]
[BlackTitle "FM"]
[WhiteElo "2517"]
[BlackElo "2248"]
[WhiteFideId "21856222"]
[BlackFideId "4622634"]
[EventDate "2025.08.02"]

1. e4 c5 2. Nf3 Nc6 3. Bb5 g6 4. Bxc6 bxc6 5. O-O Bg7 6. d3 d6 7. e5 dxe5 8. Na3
Rb8 9. Nc4 f6 10. b3 Be6 11. Nfd2 Nh6 12. Ba3 O-O 13. Bxc5 Rb7 14. f4 Qd5 15. b4
Bg4 16. Qe1 exf4 17. Rxf4 e5 18. Rf1 Rd8 19. h3 Bf5 20. Qh4 g5 21. Qf2 Bg6 22.
Bxa7 Rxb4 23. Bb6 Rb8 24. a3 Rb5 25. a4 Rb4 26. a5 f5 27. a6 e4 28. a7 Ra8 29.
Rab1 Rxb1 30. Rxb1 exd3 31. cxd3 f4 32. Bc5 Qd8 33. Bd6 Nf5 34. Rb8 Rxb8 35.
axb8=Q Qxb8 36. Bxb8 Bd4 37. Ne5 Bxf2+ 38. Kxf2 1-0

[Event "52nd Sparkassen Open A"]
[Site "Dortmund GER"]
[Date "2025.08.03"]
[Round "2.11"]
[White "Fuhrmann, Bahne"]
[Black "Mardov, Dimitar"]
[Result "1/2-1/2"]
[WhiteTitle "FM"]
[BlackTitle "IM"]
[WhiteElo "2255"]
[BlackElo "2512"]
[WhiteFideId "16244842"]
[BlackFideId "30919495"]
[EventDate "2025.08.02"]

1. d4 Nf6 2. c4 e6 3. Nc3 d5 4. cxd5 exd5 5. Nf3 c6 6. Bf4 Bd6 7. Bxd6 Qxd6 8.
e3 O-O 9. Qb3 b6 10. Bd3 Be6 11. Ne5 Nbd7 12. f4 Ng4 13. Nxg4 Bxg4 14. h3 Be6
15. g4 Nf6 16. Qc2 c5 17. g5 Ne4 18. Nxe4 dxe4 19. Bxe4 Bd5 20. dxc5 Bxe4 21.
Qxe4 Qxc5 22. Kf2 Rae8 23. Qf3 f6 24. gxf6 Rxf6 25. Rac1 Qa5 26. Rhd1 Qxa2 27.
Qd5+ Qxd5 28. Rxd5 Rfe6 29. Rc3 R8e7 30. b4 Rh6 1/2-1/2

[Event "52nd Sparkassen Open A"]
[Site "Dortmund GER"]
[Date "2025.08.03"]
[Round "2.12"]
[White "Deuer, Marius"]
[Black "Poeck, Ole"]
[Result "1-0"]
[WhiteTitle "IM"]
[BlackTitle "FM"]
[WhiteElo "2487"]
[BlackElo "2250"]
[WhiteFideId "16236432"]
[BlackFideId "4682742"]
[EventDate "2025.08.02"]

1. d4 d5 2. c4 c6 3. Nf3 Nf6 4. e3 e6 5. b3 Nbd7 6. Bb2 Qa5+ 7. Nbd2 Ba3 8. Bxa3
Qxa3 9. Bd3 O-O 10. O-O c5 11. cxd5 exd5 12. Ne5 cxd4 13. exd4 Qb2 14. Ndf3 Ne4
15. Qc1 Qxc1 16. Raxc1 f6 17. Ng4 Nb6 18. Ne3 Nd6 19. a4 a5 20. Rc5 Be6 21. Rfc1
Rfc8 22. Nd2 Nd7 23. Rc7 Rxc7 24. Rxc7 Nb6 25. h4 Rd8 26. Rc5 Ne4 27. Bxe4 dxe4
28. Rb5 Nc8 29. d5 b6 30. dxe6 Rxd2 31. Nc4 Rd1+ 32. Kh2 Kf8 33. Nxb6 Nxb6 34.
Rxb6 Ke7 35. Rb7+ Kxe6 36. Rxg7 h5 37. Rb7 Rd3 38. Rb5 f5 39. Rxa5 Rxb3 40. Rb5
Ra3 41. a5 Kf6 42. Rb6+ Ke5 43. a6 Ra2 44. Kh3 f4 45. Rb5+ Kd4 46. Rxh5 e3 47.
fxe3+ fxe3 48. Rh6 Kd5 49. Kg3 Ke4 50. Re6+ Kd3 51. h5 Ra1 52. h6 e2 53. h7 Rxa6
54. Rxe2 Rg6+ 55. Kf2 1-0

[Event "52nd Sparkassen Open A"]
[Site "Dortmund GER"]
[Date "2025.08.03"]
[Round "2.13"]
[White "Albert, Markus"]
[Black "Zwirs, Nico"]
[Result "0-1"]
[BlackTitle "IM"]
[WhiteElo "2250"]
[BlackElo "2436"]
[WhiteFideId "16292626"]
[BlackFideId "1036432"]
[EventDate "2025.08.02"]

1. Nc3 d5 2. e4 d4 3. Nce2 e5 4. Ng3 Be6 5. Be2 Nc6 6. Nf3 f6 7. O-O Qd7 8. Bb5
Nge7 9. d3 O-O-O 10. a3 h5 11. c3 dxc3 12. bxc3 a6 13. Bxc6 Nxc6 14. Ne1 h4 15.
Ne2 h3 16. g3 Bc4 17. Be3 Bxd3 18. f3 Bc4 19. Qc2 Na5 20. Rf2 Bb3 21. Qb2 Ba4
22. Rb1 Qc6 23. Nc1 Nc4 0-1

[Event "52nd Sparkassen Open A"]
[Site "Dortmund GER"]
[Date "2025.08.03"]
[Round "2.14"]
[White "Kamp, Adrian"]
[Black "Peyrer, Konstantin"]
[Result "0-1"]
[BlackTitle "IM"]
[WhiteElo "2247"]
[BlackElo "2490"]
[WhiteFideId "16222466"]
[BlackFideId "1640879"]
[EventDate "2025.08.02"]

1. e4 e6 2. d4 d5 3. Nd2 c5 4. exd5 Qd7 5. d6 Qxd6 6. Ngf3 Qd5 7. Be2 cxd4 8.
Bc4 Qd6 9. O-O Nf6 10. Nb3 Nc6 11. Nbxd4 Nxd4 12. Nxd4 Be7 13. Re1 O-O 14. b3
Rd8 15. Be3 e5 16. Nb5 Qb8 17. Qe2 a6 18. Nc3 b5 19. Bd3 Qc7 20. Ne4 Nd5 21. Ng5
h6 22. Nxf7 Kxf7 23. Qh5+ Kg8 24. Bxh6 Nf6 25. Qg6 Bd6 26. Re3 Qf7 27. Qg5 Rf8
28. Rg3 Bg4 29. Bf5 Nh5 30. Rxg4 Qxf5 31. Qh4 Bc5 32. Rf1 Rad8 33. h3 Bxf2+ 34.
Rxf2 Qxf2+ 35. Qxf2 Rd1+ 0-1

[Event "52nd Sparkassen Open A"]
[Site "Dortmund GER"]
[Date "2025.08.03"]
[Round "2.15"]
[White "Nitish, Belurkar"]
[Black "Voicu-Jagodzinsky, Carmen"]
[Result "1-0"]
[WhiteTitle "IM"]
[BlackTitle "WGM"]
[WhiteElo "2486"]
[BlackElo "2230"]
[WhiteFideId "5084768"]
[BlackFideId "1206729"]
[EventDate "2025.08.02"]

1. e4 c5 2. c3 Nf6 3. e5 Nd5 4. Nf3 Nc6 5. Bc4 Nb6 6. Bb3 c4 7. Bc2 g6 8. O-O
Bg7 9. Qe2 d5 10. exd6 Qxd6 11. Na3 Qe6 12. Qd1 O-O 13. b3 cxb3 14. axb3 Qf6 15.
d4 h6 16. Re1 Rd8 17. Nc4 Nxc4 18. bxc4 b6 19. Qe2 Bf5 20. Ba4 Rac8 21. Ba3 e6
22. Bxc6 Rxc6 23. Ne5 Rc7 24. g4 Qg5 25. Bc1 Qh4 26. gxf5 exf5 27. Qf3 Qf6 28.
Kg2 g5 29. h3 f4 30. Ba3 Rdc8 31. Qd5 h5 32. Bd6 f3+ 33. Nxf3 Rxc4 34. Rxa7 Rxc3
35. Nxg5 Rc2 36. Qxf7+ Qxf7 37. Nxf7 Bxd4 38. Nh6+ Kh8 39. Be5+ Bxe5 40. Rxe5
Rf8 41. Nf7+ Kg7 42. Nd6+ Kg6 43. Re6+ 1-0

[Event "52nd Sparkassen Open A"]
[Site "Dortmund GER"]
[Date "2025.08.03"]
[Round "2.16"]
[White "Stricker, Florian"]
[Black "Rathanvel, V S"]
[Result "0-1"]
[BlackTitle "IM"]
[WhiteElo "2249"]
[BlackElo "2486"]
[WhiteFideId "12976385"]
[BlackFideId "25002112"]
[EventDate "2025.08.02"]

1. e4 c5 2. Nc3 d6 3. d4 cxd4 4. Qxd4 Nc6 5. Qd2 g6 6. b3 Bh6 7. f4 f5 8. Bb2
Nf6 9. Nf3 e5 10. g3 Nxe4 11. Nxe4 fxe4 12. Ng5 Bxg5 13. fxg5 Bg4 14. Bc4 Qb6
15. Be2 Bxe2 16. Qxe2 d5 17. O-O-O O-O-O 18. Rhf1 e3 19. Rf6 d4 20. Qc4 Rd7 21.
Kb1 Rhd8 22. Re6 Kb8 23. a3 Na5 24. Rxb6 Nxc4 25. Rf6 Nxb2 26. Kxb2 e4 0-1

[Event "52nd Sparkassen Open A"]
[Site "Dortmund GER"]
[Date "2025.08.03"]
[Round "2.17"]
[White "Chen, Qi b"]
[Black "Riemland, Arnold"]
[Result "1/2-1/2"]
[WhiteTitle "IM"]
[WhiteElo "2468"]
[BlackElo "2124"]
[WhiteFideId "8614733"]
[BlackFideId "16286375"]
[EventDate "2025.08.02"]

1. e4 c5 2. Nf3 e6 3. d4 cxd4 4. Nxd4 Nc6 5. Nc3 Nf6 6. a3 d5 7. Nxc6 bxc6 8.
Bd3 dxe4 9. Nxe4 Nxe4 10. Bxe4 Qxd1+ 11. Kxd1 Bb7 12. Be3 O-O-O+ 13. Ke2 Ba6+
14. Kf3 Kb7 15. Rad1 Be7 16. Rxd8 Rxd8 17. c3 Bc4 18. b3 Bd5 19. c4 f5 20. cxd5
fxe4+ 21. Kxe4 exd5+ 22. Kd3 c5 23. Rc1 Rc8 24. a4 d4 25. Bd2 Kc6 26. Kc4 Bd6
27. Re1 Rf8 28. f3 a6 29. h4 Rf6 30. Re4 g6 31. f4 h5 32. g3 Kd7 33. Ba5 Re6 34.
Kd5 Rxe4 35. Kxe4 Ke6 36. Bb6 Be7 37. Ba5 Bd6 38. Bb6 Bf8 39. Ba5 1/2-1/2

[Event "52nd Sparkassen Open A"]
[Site "Dortmund GER"]
[Date "2025.08.04"]
[Round "3.1"]
[White "Besou, Hussain"]
[Black "Bluebaum, Matthias"]
[Result "0-1"]
[WhiteTitle "FM"]
[BlackTitle "GM"]
[WhiteElo "2390"]
[BlackElo "2660"]
[WhiteFideId "16269950"]
[BlackFideId "24651516"]
[EventDate "2025.08.02"]

1. e4 c6 2. Nc3 d5 3. Nf3 Bg4 4. h3 Bxf3 5. Qxf3 e6 6. Be2 Nf6 7. O-O Be7 8. d4
dxe4 9. Qe3 O-O 10. Nxe4 Nxe4 11. Qxe4 Nd7 12. c3 a5 13. a4 Nf6 14. Qc2 Nd5 15.
g3 Bg5 16. Bxg5 Qxg5 17. h4 Qf6 18. Bd3 g6 19. Rfe1 Rac8 20. Rad1 Kg7 21. Be4
Rfd8 22. Qb3 Qe7 23. Kg2 Nf6 24. Bf3 Qc7 25. h5 b6 26. Qc4 c5 27. dxc5 Qxc5 28.
Qxc5 bxc5 29. hxg6 hxg6 30. Be2 Ne8 31. Kf3 Nd6 32. Rd2 Kf6 33. Red1 Ke7 34. Bb5
Rb8 35. c4 Rbc8 36. g4 g5 37. Ke3 Rb8 38. Rd3 f6 39. b3 Rb7 40. Rh1 Nf7 41. Rxd8
Kxd8 42. Rd1+ Ke7 43. f3 Nd6 44. Rd2 Rb8 45. Rh2 Nf7 46. Rb2 Ne5 47. Rh2 Rd8 48.
Rh7+ Nf7 49. Rh1 Rh8 50. Rd1 Ne5 51. Ke4 Rh2 52. Re1 Rd2 53. Ke3 Rd3+ 54. Ke2
Rxf3 55. Rh1 Rxb3 0-1

[Event "52nd Sparkassen Open A"]
[Site "Dortmund GER"]
[Date "2025.08.04"]
[Round "3.2"]
[White "Kollars, Dmitrij"]
[Black "Parvanyan, Ashot"]
[Result "1/2-1/2"]
[WhiteTitle "GM"]
[BlackTitle "IM"]
[WhiteElo "2644"]
[BlackElo "2403"]
[WhiteFideId "12909572"]
[BlackFideId "13307550"]
[EventDate "2025.08.02"]

1. e4 e6 2. d4 d5 3. Nc3 Nf6 4. e5 Nfd7 5. f4 c5 6. Nf3 Nc6 7. Be3 a6 8. Ne2 Qb6
9. Qc1 Be7 10. c3 O-O 11. Kf2 f6 12. Kg1 a5 13. a4 g5 14. exf6 Nxf6 15. Nxg5 Ng4
16. h3 Nxe3 17. Qxe3 Bxg5 18. fxg5 cxd4 19. cxd4 e5 20. Rd1 Bf5 21. Kh2 Rae8 22.
Qc3 Be4 23. Rg1 Rf2 24. dxe5 Nxe5 25. Nd4 Nf3+ 26. Nxf3 Bxf3 27. Re1 Rxe1 28.
Qxe1 Qd6+ 29. Kh1 Qg3 30. Qe6+ Kg7 31. Qd7+ Kg8 32. Qc8+ Kg7 33. Qxb7+ Kg8 34.
Qc8+ Kg7 35. Qd7+ Kg8 36. Qe6+ Kg7 37. Qh6+ Kg8 38. Qe6+ Kg7 39. Qh6+ Kg8 1/2-1/2

[Event "52nd Sparkassen Open A"]
[Site "Dortmund GER"]
[Date "2025.08.04"]
[Round "3.3"]
[White "Paltrinieri, Nicholas"]
[Black "Wagner, Dennis"]
[Result "0-1"]
[WhiteTitle "FM"]
[BlackTitle "GM"]
[WhiteElo "2359"]
[BlackElo "2617"]
[WhiteFideId "828262"]
[BlackFideId "24650684"]
[EventDate "2025.08.02"]

1. e4 c5 2. Nf3 Nc6 3. Bb5 e6 4. O-O Nge7 5. Re1 b6 6. c3 a6 7. Bf1 d5 8. e5 d4
9. d3 Bb7 10. Nbd2 Qd5 11. c4 Qd7 12. g3 h5 13. Bg2 Ng6 14. h4 Be7 15. a3 a5 16.
Ne4 Ncxe5 17. Nxe5 Nxe5 18. Nxc5 bxc5 19. Bxb7 Qxb7 20. Rxe5 g6 21. Rb1 Qc6 22.
Bd2 a4 23. b4 axb3 24. Rxb3 Kf8 25. Qf1 Kg7 26. Re1 Rhb8 27. Reb1 Rxb3 28. Rxb3
Qf3 29. Qb1 g5 30. Bxg5 Bxg5 31. hxg5 h4 32. Qf1 Rh8 33. g4 h3 34. Kh2 Rh4 35.
Rb2 Rxg4 36. Qxh3 Qf4+ 37. Qg3 Rxg3 38. fxg3 Qc1 39. Ra2 Qb1 0-1

[Event "52nd Sparkassen Open A"]
[Site "Dortmund GER"]
[Date "2025.08.04"]
[Round "3.4"]
[White "Ganguly, Surya Shekhar"]
[Black "Ahmadinia, Ebrahim"]
[Result "1/2-1/2"]
[WhiteTitle "GM"]
[BlackTitle "IM"]
[WhiteElo "2566"]
[BlackElo "2388"]
[WhiteFideId "5002150"]
[BlackFideId "12501891"]
[EventDate "2025.08.02"]

1. d4 d5 2. c4 c6 3. Nf3 Nf6 4. e3 g6 5. Nc3 Bg7 6. Be2 O-O 7. O-O Bg4 8. b3 Ne4
9. Bb2 Nxc3 10. Bxc3 Nd7 11. h3 Bxf3 12. Bxf3 e6 13. a4 Re8 14. Rc1 Rc8 15. g3
f5 16. Qe2 Nf6 17. Rfd1 Ne4 18. Be1 Bf8 19. Bg2 a6 20. b4 Qd7 21. f3 Nf6 22. g4
dxc4 23. Qxc4 1/2-1/2

[Event "52nd Sparkassen Open A"]
[Site "Dortmund GER"]
[Date "2025.08.04"]
[Round "3.5"]
[White "Sargsyan, Anna M."]
[Black "Engel, Luis"]
[Result "0-1"]
[WhiteTitle "IM"]
[BlackTitle "GM"]
[WhiteElo "2362"]
[BlackElo "2548"]
[WhiteFideId "13308130"]
[BlackFideId "12961523"]
[EventDate "2025.08.02"]

1. e4 c5 2. Nf3 Nc6 3. d4 cxd4 4. Nxd4 Nf6 5. Nc3 d6 6. Bg5 e6 7. Qd2 a6 8.
O-O-O Bd7 9. Kb1 Be7 10. f3 b5 11. Nxc6 Bxc6 12. Bxf6 Bxf6 13. Qxd6 Qxd6 14.
Rxd6 Rc8 15. Rd1 Bb7 16. Ne2 g5 17. Nc1 Ke7 18. b4 g4 19. Nb3 gxf3 20. gxf3 Rc7
21. Bd3 Be5 22. a3 Rc3 23. Rhf1 Bf4 24. Nc5 Bc6 25. Nb3 Be8 26. h3 h5 27. Kb2
Rc8 28. Nd4 Rg8 29. Ne2 Be3 30. f4 Rg2 31. Rf3 Bb6 32. f5 h4 33. Rf4 Bc7 34.
Rxh4 Be5+ 35. Kc1 Rd8 36. Kd2 Bf6 37. Rg4 Rh2 38. h4 Bxh4 39. fxe6 fxe6 40. Rg7+
Kf6 41. Rdg1 Bc6 42. R7g4 Ke5 43. Kc3 Bf6 44. Rf1 Rh6 45. Kb3 Kd6 46. Nf4 Be8
47. Ng6 Bd4 48. Rf8 Kc7 49. e5 Ba1 50. Ka2 Rh1 51. Nf4 Bd7 52. Rxd8 Kxd8 53. Be4
Rf1 54. Bd3 Re1 55. Ng2 Rc1 56. Re4 Bc6 57. Re1 Rxe1 58. Nxe1 Bc3 59. a4 Bxe1
60. axb5 axb5 61. Kb3 Bg3 62. c4 bxc4+ 63. Kxc4 Bxe5 64. b5 Bd5+ 65. Kc5 Kd7 66.
b6 Bd6+ 67. Kb5 Bb7 68. Be2 Bg3 69. Bg4 Kd6 70. Bh5 e5 71. Bg4 e4 72. Kc4 Ke5
73. Bh5 Bf2 74. Kc3 Bxb6 75. Kd2 e3+ 76. Ke1 Kf4 77. Be2 Bd8 78. Bd3 Bf3 79. Ba6
Bh4+ 80. Kf1 Bf2 81. Bb5 Kg3 0-1

[Event "52nd Sparkassen Open A"]
[Site "Dortmund GER"]
[Date "2025.08.04"]
[Round "3.6"]
[White "Jumabayev, Rinat"]
[Black "Otsuka, Shou"]
[Result "1-0"]
[WhiteTitle "GM"]
[BlackTitle "FM"]
[WhiteElo "2556"]
[BlackElo "2350"]
[WhiteFideId "13702661"]
[BlackFideId "7004702"]
[EventDate "2025.08.02"]

1. e4 e5 2. Nf3 Nc6 3. Bc4 Nf6 4. d3 Bc5 5. c3 d6 6. O-O a5 7. Re1 O-O 8. Nbd2
Be6 9. Bb3 h6 10. Nf1 Bxb3 11. axb3 Re8 12. Ng3 d5 13. Qe2 Qd7 14. Nh4 Bf8 15.
Qf3 Qe6 16. exd5 Qxd5 17. Qxd5 Nxd5 18. Ne4 b6 19. g4 f6 20. Nf5 Kf7 21. Kf1 g6
22. Nh4 Be7 23. Nf3 Rh8 24. Ng3 Bd6 25. Bd2 Rad8 26. Ra4 Bc5 27. h4 Nde7 28. Ke2
b5 29. Re4 g5 30. Be3 Bb6 31. h5 Rd7 32. Bxb6 cxb6 33. d4 exd4 34. Nxd4 Nxd4+
35. Rxd4 Rxd4 36. cxd4 f5 37. gxf5 Rc8 38. Kd3 Nd5 39. Re5 Rd8 40. Ne2 Rd7 41.
Re6 Rc7 42. Kd2 b4 43. Nc1 Re7 44. Rxh6 Re4 45. Rh7+ Kf6 46. Ne2 Ne7 47. Rh6+
Kf7 48. Kd3 Rh4 49. Ng3 Rf4 50. Rxb6 Nxf5 51. Ne4 g4 52. h6 Kg8 53. Rf6 Rf3+ 54.
Kc4 Rf4 55. Kd5 Ne7+ 56. Ke5 1-0

[Event "52nd Sparkassen Open A"]
[Site "Dortmund GER"]
[Date "2025.08.04"]
[Round "3.7"]
[White "Xiao, Tong(QD)"]
[Black "Mainka, Romuald"]
[Result "1-0"]
[WhiteTitle "GM"]
[BlackTitle "GM"]
[WhiteElo "2539"]
[BlackElo "2331"]
[WhiteFideId "8622388"]
[BlackFideId "4600258"]
[EventDate "2025.08.02"]

1. e4 c5 2. Nf3 e6 3. d4 cxd4 4. Nxd4 Nc6 5. Nc3 a6 6. Be3 Nf6 7. a3 Qc7 8. f4
d6 9. Qf3 e5 10. Nxc6 bxc6 11. fxe5 Ng4 12. Bf4 dxe5 13. Bd2 Bc5 14. h3 Nf6 15.
Na4 Be7 16. Bc4 O-O 17. O-O-O a5 18. Qe2 Rb8 19. Rhf1 Bd7 20. Rf3 c5 21. Nc3 Bc6
22. Rdf1 Kh8 23. b3 a4 24. g4 axb3 25. cxb3 Rbd8 26. h4 Rd4 27. Be3 Qa5 28. Kb2
Rfd8 29. g5 Nh5 30. Nd5 Bxd5 31. exd5 Bd6 32. Rxf7 Nf4 33. Qc2 Ra8 34. Ra1 Qb6
35. h5 Qd8 36. a4 Qe8 37. Qf5 Qd8 38. h6 g6 39. Rxh7+ 1-0

[Event "52nd Sparkassen Open A"]
[Site "Dortmund GER"]
[Date "2025.08.04"]
[Round "3.8"]
[White "Sydykov, Bayastan"]
[Black "Klimkowski, Jan"]
[Result "1/2-1/2"]
[WhiteTitle "FM"]
[BlackTitle "GM"]
[WhiteElo "2322"]
[BlackElo "2517"]
[WhiteFideId "13829610"]
[BlackFideId "21856222"]
[EventDate "2025.08.02"]

1. e4 e5 2. Nf3 Nc6 3. Bb5 a6 4. Ba4 Nge7 5. Nc3 Ng6 6. d4 b5 7. Bb3 Nxd4 8.
Nxd4 exd4 9. Qxd4 Bb7 10. a4 c5 11. Qe3 c4 12. Ba2 Bb4 13. O-O O-O 14. b3 Qf6
15. Bd2 Qf4 16. Qd4 Qg4 17. h3 Qh5 18. bxc4 Nh4 19. Qd3 bxa4 20. Nd5 Bc5 21. Qg3
Bxd5 22. cxd5 Ng6 23. d6 Bd4 24. c3 Be5 25. f4 Bxd6 26. Bd5 Rac8 27. Rxa4 Qe2
28. Qe1 Nxf4 29. Bxf4 Qxe1 30. Rxe1 Bxf4 31. Rf1 Be3+ 32. Kh2 Rxc3 33. Rf3 g5
34. Rxa6 Bf4+ 35. Kg1 Rc1+ 36. Kf2 Rc2+ 37. Kg1 Kg7 38. Ra8 Rxa8 39. Bxa8 h5 40.
h4 f6 41. g3 Bc7 42. hxg5 fxg5 43. Bd5 Bb6+ 44. Kh1 d6 45. Rf5 Bd8 46. e5 dxe5
47. Rxe5 Rc5 48. Kg2 Kf6 49. Re6+ Kf5 50. Rd6 Bc7 51. Be6+ Ke4 52. Rd2 Rc3 53.
Re2+ Kd4 54. Rd2+ Ke3 55. Rf2 g4 56. Bf7 Rc5 57. Bg6 Rg5 58. Bf7 Be5 59. Be6 Bd6
60. Rf5 Rxf5 1/2-1/2

[Event "52nd Sparkassen Open A"]
[Site "Dortmund GER"]
[Date "2025.08.04"]
[Round "3.9"]
[White "Radzimski, Antoni"]
[Black "Deuer, Marius"]
[Result "1/2-1/2"]
[WhiteTitle "FM"]
[BlackTitle "IM"]
[WhiteElo "2320"]
[BlackElo "2487"]
[WhiteFideId "21052476"]
[BlackFideId "16236432"]
[EventDate "2025.08.02"]

1. d4 Nf6 2. c4 e6 3. Nc3 d5 4. cxd5 Nxd5 5. e4 Nxc3 6. bxc3 c5 7. Nf3 cxd4 8.
cxd4 Bb4+ 9. Bd2 Bxd2+ 10. Qxd2 O-O 11. Bd3 Nc6 12. Bc2 Qa5 13. Qxa5 Nxa5 14.
Bd3 b6 15. Kd2 Bb7 16. Rhc1 Rac8 17. Rxc8 Rxc8 18. Rc1 Rxc1 19. Kxc1 Kf8 20. Kd2
Ke7 21. Kc3 h6 22. h4 Kd6 23. Nd2 f6 24. f3 Nc6 25. Nc4+ Kd7 26. Ne3 Ne7 1/2-1/2

[Event "52nd Sparkassen Open A"]
[Site "Dortmund GER"]
[Date "2025.08.04"]
[Round "3.10"]
[White "Zwirs, Nico"]
[Black "Soumya, Swaminathan"]
[Result "1/2-1/2"]
[WhiteTitle "IM"]
[BlackTitle "IM"]
[WhiteElo "2436"]
[BlackElo "2216"]
[WhiteFideId "1036432"]
[BlackFideId "5016193"]
[EventDate "2025.08.02"]

1. e4 c5 2. Nf3 Nc6 3. d4 cxd4 4. Nxd4 Nf6 5. Nc3 e5 6. Ndb5 d6 7. Bg5 a6 8. Na3
b5 9. Bxf6 gxf6 10. Nd5 f5 11. c3 Bg7 12. exf5 Bxf5 13. Nc2 O-O 14. Nce3 Be6 15.
Bd3 f5 16. Qh5 e4 17. Bc2 Kh8 18. Nf4 Qe8 19. Qxe8 Raxe8 20. Bb3 Bd7 21. O-O-O
Be5 22. g3 Na5 23. Ned5 Rb8 24. Bc2 Nc4 25. Bb3 Na5 26. Bc2 Nc4 27. Bb3 Na5 1/2-1/2

[Event "52nd Sparkassen Open A"]
[Site "Dortmund GER"]
[Date "2025.08.04"]
[Round "3.11"]
[White "Peyrer, Konstantin"]
[Black "Georgiadis, Anastasios"]
[Result "1/2-1/2"]
[WhiteTitle "IM"]
[WhiteElo "2490"]
[BlackElo "2233"]
[WhiteFideId "1640879"]
[BlackFideId "25870173"]
[EventDate "2025.08.02"]

1. Nf3 Nf6 2. g3 d5 3. Bg2 c6 4. O-O Bg4 5. h3 Bxf3 6. exf3 e6 7. f4 Be7 8. b3
O-O 9. c4 a5 10. Nc3 Na6 11. d4 Rb8 12. Be3 b5 13. c5 Nd7 14. a4 b4 15. Ne2 f5
16. Nc1 Nc7 17. Nd3 g6 18. Ra2 Bf6 19. Ne5 Nxe5 20. fxe5 Bg5 21. f4 Be7 22. Bf3
Ne8 23. g4 Ng7 24. Qd3 Bh4 25. Rg2 Ra8 26. g5 Qe8 27. Qe2 Kh8 28. Bf2 Bxf2+ 29.
Kxf2 Rg8 30. Ke3 Qf7 31. Rfg1 Nh5 32. Qf2 Ra7 33. Qh4 Raa8 34. Bxh5 gxh5 35. Kf3
Qg6 36. Qf2 Rg7 37. Kg3 h4+ 38. Kxh4 h5 39. Kg3 Rh7 40. Kf3 Raa7 41. Ke3 1/2-1/2